000
00265nam a22000977a 4500
008
230714b |||||||| |||| 00| 0 eng d
020
_a
9781421530635
100
_a
KUSAKA HIDENORI
_9
7698
245
_a
POKEMON ADVENTURES-V0L-10
260
_a
SAN FRANCISCO
_b
VIZ MEDIA
_c
2022
999
_c
12374
_d
12374